Seattle's waterfront : a walker's guide to the history of Elliott Bay /

Bibliographic Details
Main Author: Hershman, Marc, 1942-2008
Corporate Author: University of Washington. Institute for Marine Studies
Other Authors: Heikkala, Susan, Tobin, Caroline
Format: Book
Language:English
Published: Seattle : Waterfront Awareness, [1981]
Subjects:

MARC

Tag First Indicator Second Indicator Subfields
LEADER 00000cam a22000008a 4500
001 in00000089042
005 20151008065245.0
008 810722s1981 wauab b 00110 eng
010 |a  81051936  
020 |a 0295958529 (pbk.) :  |c $7.95 
035 |a (OCoLC)07671563 
035 |9 AAK5633AM 
039 0 |a 2  |b 3  |c 3  |d 3  |e 3 
040 |a DLC  |c DLC  |d TXA  |d UtOrBLW 
043 |a n-us-wa 
049 |a TXAM  |c [1673147] 
050 0 0 |a HE554.S5  |b H47 
082 0 |a 387.1/09797/77  |2 19 
100 1 |a Hershman, Marc,  |d 1942-2008. 
245 1 0 |a Seattle's waterfront :  |b a walker's guide to the history of Elliott Bay /  |c Marc J. Hershman, Susan Heikkala, and Caroline Tobin ; prepared at the Institute for Marine Studies, University of Washington. 
263 |a 8107 
264 1 |a Seattle :  |b Waterfront Awareness,  |c [1981] 
264 4 |c ©1981 
300 |a 95 pages :  |b illustrations, maps (1 folded) ;  |c 14 x 22 cm. 
336 |a text  |b txt  |2 rdacontent 
337 |a unmediated  |b n  |2 rdamedia 
338 |a volume  |b nc  |2 rdacarrier 
500 |a Includes index. 
504 |a Bibliography: page 93. 
650 0 |a Waterfronts  |z Washington (State)  |z Seattle  |x History. 
650 0 |a Merchant marine  |z Washington (State)  |z Seattle  |x History. 
650 0 |a Harbors  |z Washington (State)  |z Seattle  |x History. 
651 0 |a Seattle (Wash.)  |x Description and travel  |x Guidebooks. 
700 1 |a Heikkala, Susan. 
700 1 |a Tobin, Caroline. 
710 2 |a University of Washington.  |b Institute for Marine Studies. 
999 |a MARS 
999 f f |s cc03fe73-8a14-397a-bb1c-fdc0332a24be  |i 69cba029-3aa1-3036-bb92-d387ddf201eb  |t 0 
952 f f |p ric  |a Texas A&M University  |b Rellis Campus  |c Joint Library Facility  |d Remote Storage  |t 0  |e HE554.S5 H47  |h Library of Congress classification  |i unmediated -- volume  |m A14806132836 
998 f f |a HE554.S5 H47  |t 0  |l Remote Storage